000 00337nam a2200109Ia 4500
008 200302s9999 xx 000 0 und d
100 _aChristian Schittich
245 _aIn Detail Housing for People of All Ages Flexible Unrestricted Senior Friendly
260 _bBirkhauser Publishers for Architecture
260 _c2007
300 _a176 P.,
999 _c2814
_d2814